Statystyki dla Jedenastki meczu Polska-Niemcy 2014 (2:0)

Kliknij tutaj aby rozwiązać quiz!

Ogólne statystyki

  • Ten quiz został rozwiązany 656 razy
  • Średni wynik to 14 z 22

Statystyki odpowiedzi

KrajPozycjaOdpowiedź% Poprawnych
PolskaBramkarzWojciech Szczęsny
99%
NapastnikRobert Lewandowski
98%
ObrońcaKamil Glik
97%
NapastnikArkadiusz Milik
96%
NiemcyBramkarzManuel Neuer
92%
ObrońcaŁukasz Piszczek
89%
PomocnikGrzegorz Krychowiak
87%
PomocnikKamil Grosicki
79%
ObrońcaJerome Boateng
78%
ObrońcaMats Hummels
75%
NapastnikThomas Muller
75%
ObrońcaJakub Wawrzyniak
61%
ObrońcaŁukasz Szukała
59%
PomocnikMaciej Rybus
57%
PomocnikToni Kroos
56%
PomocnikMario Gotze
53%
PomocnikTomasz Jodłowiec
44%
NapastnikKarim Bellarabi
41%
NapastnikAndre Schurrle
25%
ObrońcaErik Durm
15%
ObrońcaAntonio Rudiger
12%
PomocnikChristoph Kramer
12%

Rozkład punktacji

Percentyl według liczby udzielonych odpowiedzi

Procent ludzi z każdym wynikiem

Twoja historia wyników

Nie rozwiązałeś tego quizu